000 00819nam a22002177a 4500
003 UA-OsUOA
001 119409
007 ta
008 20161031b un ||||| |||| 00| 0 ukr d
100 _aКостюченко О.
090 _a908
_bК72
942 _cSA
040 _aUA-OsUOA
_bukr
_cUA-OsUOA
_dUA-OsUOA
245 _aПетро Порошенко: одним із локомотивів руху нашої оновленої європейської України є Острозька академія. Президент взяв участь в урочистостях з нагоди 440-річчя нацстарішого вишу Східної Європи
300 _aС.1,2
955 _a0
041 _aukr
080 _a908
773 0 _w119408
650 7 _a908 Краєзнавство
_2UDC
999 _c405369
_d405369